12 Villes d'Europe en H et en images - Statistiques

Statistiques générales
  • Ce quiz a été pris 43 fois
  • Le résultat moyen est 3 sur 12
Statistiques - réponses
Par images Hint Réponse % Correct
Allemagne Hambourg
98%
Finlande Helsinki
78%
Grèce Héraklion
48%
France Hendaye
38%
France Hyères
35%
Suède Helsingborg
20%
Allemagne Hockenheim
13%
Espagne Huelva
13%
Belgique Hasselt
3%
Danemark Horsens
3%
Autriche Hallein
0%
Suisse Horw
0%
Aucun quiz correspondant
Distribution des résultats
% des personnes avec chaque résultat
Percentile par nombre de réponses
Votre historique - résultats
Vous n’avez pas pris ce quiz